00661cam a22001934a 4500008004100000020002200041245014000063260004200203300003400245500002000279504004100299650004000340650001900380700002200399700001900421003000100440005001700441040000900458  a0750640839 (pbk.)00aNon-plan :bessays on freedom participation and change in modern architecture and urbanism /cedited by Jonathan Hughes & Simon Sadler. aOxford :bArchitectural Press,c2000. axii, 243 p. :bill. ;c24 cm. aIncludes index. aIncludes bibliographical references. 0aArchitecture, Moderny20th century. 0aCity planning.1 aHughes, Jonathan.1 aSadler, Simon.20230123122205.0 cNUST